Mabnifience/ (Record no. 201612)
[ view plain ]
| 000 -LEADER | |
|---|---|
| fixed length control field | 00851nam a22002297a 4500 |
| 005 - DATE AND TIME OF LATEST TRANSACTION | |
| control field | 20240320110139.0 |
| 010 ## - LCCN (DPL NO) | |
| LC control number | ENG-139634 |
| 020 ## - INTERNATIONAL STANDARD BOOK NUMBER | |
| International Standard Book Number | 9789354423123 |
| Terms of availability | 135.00 |
| 035 ## - SYSTEM CONTROL NUMBER | |
| System control number | EN-123166 |
| 037 ## - SOURCE OF ACQUISITION | |
| Source of stock number/acquisition | DBAD/PUB |
| 082 ## - DEWEY DECIMAL CLASSIFICATION NUMBER | |
| Classification number | 880 |
| Edition number | 1 |
| 245 ## - TITLE STATEMENT | |
| Title | Mabnifience/ |
| Statement of responsibility, etc | Edited By Vivek R. Vishwarupe; Abhijit R. Aney and Mangesh R. Adgokar |
| 250 ## - EDITION STATEMENT | |
| Edition statement | 1 |
| 260 ## - PUBLICATION, DISTRIBUTION, ETC. (IMPRINT) | |
| Place of publication, distribution, etc | Hyderabad |
| Name of publisher, distributor, etc | Orient Blackswan Private Ltd |
| Date of publication, distribution, etc | 2022 |
| 270 ## - ADDRESS | |
| Address | 3-6-752, Himayatnagar |
| City | Hyderabad |
| Postal code | 500029 |
| Electronic mail address | info@orintblackswan.com |
| 300 ## - PHYSICAL DESCRIPTION | |
| Extent | 171p. |
| Dimensions | 21cm(pbk) |
| 500 ## - GENERAL NOTE | |
| General note | BSc Part I (Semester One and Semester Two Compulsory English for Sant Gadge Baba Amravati University |
| 700 ## - ADDED ENTRY--PERSONAL NAME | |
| Personal name | Vishwarupe, Vivek R. |
| Relator term | Editor |
| 9 (RLIN) | 63599 |
| 700 ## - ADDED ENTRY--PERSONAL NAME | |
| Personal name | Aney , Abhijit R. |
| Relator term | Editor |
| 9 (RLIN) | 63600 |
| 700 ## - ADDED ENTRY--PERSONAL NAME | |
| Personal name | Adgokar, Mangesh R. |
| Relator term | Editor |
| 9 (RLIN) | 63601 |
| 942 ## - ADDED ENTRY ELEMENTS (KOHA) | |
| Source of classification or shelving scheme | Dewey Decimal Classification |
| Classification part | 880 |
| Item type | English Books |
| Call number suffix | MAG |
| Edition | 1 |
| Withdrawn status | Lost status | Not for loan | Collection code | Home library | Current library | Date acquired | Source of acquisition | Cost, normal purchase price | Full call number | Barcode | Copy number | Cost, replacement price | Koha item type |
|---|---|---|---|---|---|---|---|---|---|---|---|---|---|
| Non-fiction | Patel Nagar | Patel Nagar | 20/03/2024 | DBAD/PUB | 135.00 | 880 MAG | EN-123166 | 1 | 135.00 | English Books |
